Κατάλογος Βιβλιοθηκών Mediterranean College

Managing Classroom Behaviour / A Publication Commissioned by the Association of Teachers and Lecturers from Chris Watkins (Record no. 5798)

MARC details
000 -LEADER
fixed length control field 01162cam a22001934a 4500
005 - ΗΜΕΡΟΜΗΝΙΑ ΚΑΙ ΩΡΑ ΤΕΛΕΥΤΑΙΑΣ ΕΝΗΜΕΡΩΣΗΣ
Πεδίο ελέγχου 20250605164222.0
008 - FIXED-LENGTH DATA ELEMENTS--GENERAL INFORMATION
Πεδίο ελέγχου σταθερού μήκους 250528s ||||||||||||||||||||||||d
035 ## - SYSTEM CONTROL NUMBER
System control number 20713
020 ## - ISBN
ISBN 1902466144
040 ## - ΠΗΓΗ ΚΑΤΑΛΟΓΟΓΡΑΦΗΣΗΣ
Φορέας πρωτότυπης καταλογογράφησης MC Athens Campus Library
Γλώσσα καταλογογράφησης Ελληνικά, Μοντέρνα (1453-)
Modifying agency MC Athens Campus Library
Κανόνες περιγραφικής καταλογογράφησης AACR2
245 1# - ΤΙΤΛΟΣ ΚΑΙ ΔΗΛΩΣΗ ΥΠΕΥΘΥΝΟΤΗΤΑΣ
Τίτλος Managing Classroom Behaviour / A Publication Commissioned by the Association of Teachers and Lecturers from Chris Watkins
260 ## - PUBLICATION, DISTRIBUTION, ETC.
Name of publisher, distributor, etc. ATL - The Education Union,
Date of publication, distribution, etc. 1997
300 ## - PHYSICAL DESCRIPTION
Extent 34
520 ## - SUMMARY, ETC.
Summary, etc. This book has been published in response to growing concerns about the challenges they face in managing the behavior of children and young people in schools. Preface, Introduction, The ''Big Picture'' on Behavior, Understanding the Classroom, Explaining Difficult Behavior, Why Reactive Approaches are not Effective, A Word About Punishment, What Can I Do about Difficult Behavior in my Classroom?, Classroom Incidents - Aiming to Respond rather than React, Classroom Patterns, A Final Thought, Making Sense of Individual's Behavior, Getting Help from other People, The Wider School Context, Other Resources.
700 1# - ΠΡΟΣΘΕΤΗ ΑΝΑΓΡΑΦΗ--ΦΥΣΙΚΟ ΠΡΟΣΩΠΟ
Personal name Watkins Chris
9 (RLIN) 6677
942 ## - ADDED ENTRY ELEMENTS (KOHA)
Koha item type Books
Holdings
Τύπος τεκμηρίου Βιβλιοθήκη Τρέχουσα τοποθεσία Barcode Αριθμός εισαγωγής Ημερομηνία απόκτησης Ταξιθετικό σύμβολο Αριθμός αντιτύπου Κατάσταση απόσυρσης Κατάσταση χαμένου Κατάσταση κατεστραμμένου Μη δανεισμός Σύνολο δανεισμών Ημερομηνία τελευταίας εμφάνισης Η τιμή ισχύει από
Books MC Athens Campus Library MC Athens Campus Library 9780000057976 7346 05/06/2025 371 WAT 1           05/06/2025 05/06/2025

MC Athens Campus Library
Πατησίων 94 & Κοδριγκτώνος 13, 104 34
Πελλήνης 8 & Πατησίων 107, 112 51
Τ: +30 210 8899600

MC Thessaloniki Campus Library
Ίωνος Δραγούμη 21, 54625 | Ίωνος Δραγούμη 15, 54625
Τ: +30 2310 287779 – Τ: +30 2314 440300